Normal view MARC view
  • Acting editions

Entry Genre/Form Term

Number of records used in: 1

001 - CONTROL NUMBER

  • control field: 153773

003 - CONTROL NUMBER IDENTIFIER

  • control field: TR-AnTOB

005 - DATE AND TIME OF LATEST TRANSACTION

  • control field: 20260417145812.0

008 - FIXED-LENGTH DATA ELEMENTS

  • fixed length control field: 141201|| anznnbabn |a ana c

010 ## - LIBRARY OF CONGRESS CONTROL NUMBER

  • LC control number: gf2014026215

040 ## - CATALOGING SOURCE

  • Original cataloging agency: IlChALCS
  • Language of cataloging: eng
  • Transcribing agency: DLC
  • Subject heading/thesaurus conventions: lcgft
  • Modifying agency: DLC

155 ## - HEADING--GENRE/FORM TERM

  • Genre/form term: Acting editions

455 ## - SEE FROM TRACING--GENRE/FORM TERM

  • Genre/form term: Acting versions

555 ## - SEE ALSO FROM TRACING--GENRE/FORM TERM

  • Control subfield: g
  • Genre/form term: Drama

670 ## - SOURCE DATA FOUND

  • Source citation: Genre terms : a thesaurus for use in rare book and special collections cataloging, via WWW, Nov. 1, 2012
  • Information found: (Acting editions. Scope Note: Use for plays with extensive printed production information. UF Acting versions. BT Plays)

670 ## - SOURCE DATA FOUND

  • Source citation: Reitz, J.M. Online dictionary for library and information science, Nov. 14, 2012
  • Information found: (acting edition: An edition of a play intended for the use of actors and others directly involved in theater production, which includes fuller stage directions (entrances, exits, stage properties, etc.) than one intended for reading, usually published in limp paper covers and priced lower than other editions of the work. Compare with script.)

680 ## - PUBLIC GENERAL NOTE

  • Explanatory text: Plays with full stage directions that are intended for personnel directly involved in a theatrical production.
Devinim Yazılım Eğitim Danışmanlık tarafından Koha'nın orjinal sürümü uyarlanarak geliştirilip kurulmuştur.